| 000 | 00661nas a2200205 4500 | ||
|---|---|---|---|
| 001 | 000037159 | ||
| 003 | DLC | ||
| 005 | 20200930080158.0 | ||
| 008 | 120220c19539999dr ur1p dd 0 0spa d | ||
| 040 |
_aDO-SdBNP _bspa _cBNPHU |
||
| 043 | _anwdr | ||
| 110 | 1 |
_aRepública Dominicana : _bCámara de Diputados _932238 |
|
| 245 | 0 | 0 | _aBolentín de la Cámara de Diputados. |
| 260 | _aCiudad Trujillo, República Dominicana :. | ||
| 300 |
_av. ; _c30 cm. |
||
| 310 | _aDesconocido | ||
| 362 | 1 | _aNo. 277 . período 1952- 1957 | |
| 500 | _aCatalogación basada en el No. 277 . período 1952- 1957 | ||
| 500 | _aSecciones selebradas durante el mes de octubre de 1953 | ||
| 999 |
_c36649 _d36649 |
||